MARC

LEADER 00000nam a22000007a 4500
005 20200304211528.0
007 cr|||| ||||
008 200304c20029999es fr|w s|||| 0|||b1uy d
035 |a 31133 
040 |a vLex 
090 |c 10175  |d 10175 
245 0 0 |a Revista de Derecho  |h [Recurso electrn̤ico] / 
256 |a Servicio en ln̕ea 
260 |a Montevideo:  |b Universidad de Montevideo de Uruguay,  |c 2002 - 
300 |a 1 recurso electrn̤ico 
310 |a Semestral 
362 |a Nð 1 (Ene. 2002) - 
506 1 |a Disponible solo en los productos indicados  |d vLex Global  |d vLex Global (Academic Edition, excluding Law Schools)  |d vLex Global (U.S. Academic Edition, Law Schools)  |d vLex Global (U.S. Academic Edition, excluding Law Schools)  |d vLex Global (Academic Edition, Law Schools) 
650 0 4 |a Derecho Civil  |z Uruguay 
650 0 4 |a Derecho Mercantil y de la Empresa  |z Uruguay 
650 0 4 |a Derecho Laboral y Seguridad Social  |z Uruguay 
650 0 4 |a Derecho Penal  |z Uruguay 
650 0 4 |a Derecho Fiscal  |z Uruguay 
650 0 4 |a Derecho Pb︢lico y Administrativo  |z Uruguay 
650 0 4 |a Derecho del Medio Ambiente  |z Uruguay 
650 0 4 |a Derecho Constitucional  |z Uruguay 
650 0 4 |a Derecho Procesal  |z Uruguay 
650 0 4 |a Derecho Internacional  |z Uruguay 
650 0 4 |a Derecho Militar  |z Uruguay 
740 0 |a vLex Revistas (Servicio en ln̕ea) 
856 4 0 |u http://vlex.com/source/revista-de-derecho-31133  |z Acceso restringido 
942 |c REV 
999 0 |a Civil Law 
999 0 |a Commercial and Business Law 
999 0 |a Labor Law and Social Security 
999 0 |a Criminal Law 
999 0 |a Tax Law 
999 0 |a Public and Administrative Law 
999 0 |a Environmental Law 
999 0 |a Constitutional Law 
999 0 |a Procedural Law 
999 0 |a International Law 
999 0 |a Military Law